000 01508cam a22002054a 4500
005 20250605164001.0
008 250528s ||||||||||||||||||||||||d
035 _a15656
020 _a30970520
040 _aGR-AtMCL
_bgre
_dGR-AtMCL
_eAACR2
245 1 _aInvestment Analysis and Portfolio Management / Fourth Edition
250 _a4th
260 _bThe Dryden Press,
_c1994
300 _a1016
520 _aThis book provides in depth coverage of the fundamental investments and portfolio management issues. The Investment Background, The Investment Setting, Selecting Investments in a Global Market, Organization and Functioning of Securities Markets, Security-Market Indicator Series, Sources of Information on Global Investments, Developments in Investment, Efficient Capital Markets, An Introduction to Portfolio Management, An Introduction to Asset Pricing Models, An Introduction to Derivative Markets and Securities, Valuation Principles and Practices, Analysis of Financial Statements, Introduction to Security Valuation, Analysis and Management of Bonds, Bond Fundamentals, The Valuation of Bonds, Analysis of Common Stocks, Stock-Market Analysis, Industry Analysis, Technical Analysis, Analysis of Alternative Investments, Stock Options, Futures, Investment Companies, Extensions and Application of Asset Pricing and Portfolio Models, Evaluation of Portfolio Performance, Summary, Appendix, Index.
700 1 _aReilly Frank K
_91616
942 _cBK
999 _c1219
_d1219